Statistics for Countries, US States, Capitals, Elements, 100 Most Common Words: Starting with B

Click here to take the quiz!

General Stats

  • This quiz has been taken 10,426 times
    (3,668 since last reset)
  • The average score is 41 of 59

Answer Stats

ANSWER % Correct
Be
100%
Belgium
90%
Brazil
89%
Bolivia
87%
Bahamas
86%
Belize
86%
By
85%
Barbados
85%
Botswana
84%
Burundi
83%
Bhutan
82%
Berlin
81%
Benin
81%
Brussels
81%
Belarus
80%
Bangladesh
80%
Bulgaria
80%
Brunei
80%
Bahrain
79%
Bosnia and Herzegovina
78%
Boron
78%
Bucharest
76%
Budapest
76%
But
76%
Brasília
75%
Boston
75%
Back
74%
Burkina Faso
73%
Bogotá
73%
Bern
73%
Beryllium
72%
Belgrade
71%
Bangkok
70%
Beijing
69%
Baghdad
68%
Bratislava
68%
Barium
68%
Belmopan
66%
Buenos Aires
65%
Beirut
62%
Bamako
61%
Baku
61%
Bishkek
60%
Bromine
59%
Basseterre
57%
Brazzaville
57%
Boise
57%
Bridgetown
56%
Bandar Seri Begawan
56%
Bangui
55%
Banjul
55%
Bismuth
55%
Bismarck
52%
Baton Rouge
52%
Because
51%
Bissau
50%
Bohrium
50%
Berkelium
42%
Bloemfontein
38%

Score Distribution

Percentile by Number Answered

Percent of People with Each Score

Your Score History

You have not taken this quiz since the last reset